| 000 | 00895nam0a22002411 4500 | ||
|---|---|---|---|
| 001 | rc\477273 | ||
| 005 | 20030616172734.8 | ||
| 035 | _a(NLR Aleph) 005720479 | ||
| 090 |
_a7473724 _c7473724 |
||
| 100 | _a20030616d1987 u |0rusy50 ca | ||
| 101 | 0 | _arus | |
| 102 | _aRU | ||
| 105 | _aa ||||||||| | ||
| 200 | 1 |
_aКрыши и кровли гражданских зданий и некоторые вопросы их проектирования в условиях Узбекистана _e[Учеб. пособие] _fТашк. политехн. ин-т им. Беруни |
|
| 210 |
_aТашкент _cТашПИ _d1987 |
||
| 215 |
_a91 с. _cил. _d20 |
||
| 320 | _aБиблиогр.: с. 87-90 (63 назв.) | ||
| 700 | 1 |
_aМаракаев _bР. Ю. _gРим Юсупович |
|
| 801 | 0 |
_aRU _bNLR _gpsbo |
|
| 801 | 1 |
_aRU _bELAR _2rusmarc |
|
| 852 |
_aNLR _j88-4/1686 |
||
| 942 | _cBOOK | ||
| 980 | _aNB | ||